Miles Teller Filmography - Statistics

General Stats
  • This quiz has been taken 88 times
    28 since last reset
  • The average score is 16 of 44
Answer Stats
Type Year Name % Correct
Film 2022 Top Gun: Maverick
89%
Film 2014 Whiplash
89%
Film 2015 Fantastic Four
78%
Film 2016 War Dogs
56%
Film 2012 Project X
50%
Film 2022 Spiderhead
50%
Film 2014 Divergent
44%
Film 2011 Footloose
44%
Film 2026 Michael
44%
TV Show 2022 Saturday Night Live
44%
Film 2015 The Divergent Series: Insurgent
44%
Film 2025 The Gorge
44%
Film 2013 The Spectacular Now
44%
Film 2013 21 & Over
39%
Film 2025 Eternity
39%
Film 2016 The Divergent Series: Allegiant
39%
Film 2014 Two Night Stand
39%
Film 2016 Bleed for This
33%
Film 2016 Get a Job
33%
Music Video 2021 I Bet You Think About Me (Taylor's Version)
33%
Film 2017 Thank You for Your Service
33%
Film 2014 That Awkward Moment
33%
Web Mini-Series 2019 Too Old to Die Young
33%
Short Film 2007 A Very Specific Recipe
28%
Film TBA Bartali
28%
Short Film 2004 Moonlighters
28%
Film 2017 Only the Brave
28%
Film TBA Paper Tiger
28%
Film 2010 Rabbit Hole
28%
Web Series 2012 The 47th Floor
28%
Film 2026 The Ark and the Aardvark
28%
Short Film 2008 The Musicians
28%
Web Mini-Series 2022 The Offer
28%
Short Film 2010 The Track Meet
28%
TV Show 2009 The Unusuals
28%
Film TBA Possum Song
22%
Film TBA The Faithful
22%
Short Film 2008 While Choking
22%
Film TBA Wild Game
22%
Commercial 2023 Bud Light
17%
TV Special 2025 SNL50: The Anniversary Special
17%
Film TBA Winter Games
17%
Web Special 2025 FireAid Benefit Concert
6%
Documentary 2023 Superpower
6%
No matching quizzes found
Score Distribution
Percent of People with Each Score
Percentile by Number Answered
Your Score History
You have not taken this quiz since the last reset